Responses for Show #5278 - Wednesday, July 18, 2007

2007 Teen Tournament Summer Games quarterfinal game 3.

Contestants

[<< previous game]

Amy Varallo, a senior from Aiken, South Carolina

Lindsey Nicolai, a junior from Hampton, Virginia

Kriti Gandhi, a senior from Ellicott City, Maryland

[next game >>]

Jeopardy! Round responses

AMERICANA
OFF TO THE MOVIES
WHERE'S THAT?
HOW WAS SCHOOL TODAY?
FINE
THAT'S SO CLICHE!
    $200 1
KFC (Kentucky Fried Chicken)

Lindsey
    $200 30
Dreamgirls

Kriti
    $200 7
the Panama Canal

Lindsey
    $200 6
(Lindsey: What are Conestoga wagons?)

wagon trains

Lindsey
Triple Stumper
    $200 12
watercolor

Kriti
    $200 21
the bush

Amy
    $400 2
Six Flags

Lindsey
    $400 25
Charlie and the Chocolate Factory

Amy
    $400 8
Sicily

Amy
    $400 29
casting

Lindsey
    $400 13
Sharpie

Kriti
    $400 19
(Lindsey: What are strangers?)
(Amy: What are stars?)

ships

LindseyAmy
Triple Stumper
    $600 3
neon

Lindsey
    $600 22
Jabba the Hutt

Amy
    $600 10
(Alex: Good, you're out of the hole.)

Boise

Amy
    $600 28
(Amy: What is power?)

work

KritiAmy
    $600 14
parsley

Kriti
    $600 17
the show must go on

Triple Stumper
    $800 4
Wet Seal

Triple Stumper
    $800 23
Bourne

Kriti
    $800 9
Madagascar

Lindsey
    $800 26
a jury

Kriti
    $800 15
a fine line

Amy
    $800 18
the riot act

Kriti
    $1000 5
(Amy: Who is Calhoun?)

Breckinridge

KritiAmy
    $1000 24
Nacho Libre

Amy
    $1000 11
New Zealand

Kriti
    $1,000 27
(Kriti: What is the equator?)

the tropics

Kriti
    $1000 16
Mexico

Amy
    $1000 20
(Kriti: What is to send to the cleaners?)
(Alex: Yeah, we'll accept that. [*] is the, uh, expression about relieving somebody of their money.)
(Kriti: Okay.)
[Reversed before Daily Double at clue 27]

take it to the cleaners

Kriti
Triple Stumper

Scores at the first commercial break (after clue 15):

Kriti Lindsey Amy
$3,200 $2,000 $800

Scores at the end of the Jeopardy! Round:

Kriti Lindsey Amy
$4,400 $2,000 $3,000

Double Jeopardy! Round responses

LITERARY CHARACTERS
MUSICALS
INSECT INVASION
THINKING ABOUT COLLEGE
HOW TO MAKE A VEGETABLE STEW
ALLITERATION ALLOTMENT
    $400 7
War of the Worlds

Amy
    $400 12
Paris

Kriti
    $400 14
a fly

Amy
    $400 30
Germany

Kriti
    $400 22
a potato

Amy
    $400 1
double dribble

Lindsey
    $800 6
Ichabod Crane

Kriti
    $800 11
Georgia

Amy
    $800 13
bees

Lindsey
    $800 29
gray & blue

Amy
    $800 21
celery

Kriti
    $800 2
back burner

Amy
    $1200 3
Uncle Vanya

Amy
    $1200 8
(Amy: What is The Sound of Music?)

Mary Poppins

Amy
Triple Stumper
    $1200 26
the mosquito

Kriti
    $1200 23
the College of William and Mary

Lindsey
    $1200 18
carrots

Kriti
    $1200 15
an electric eel

Kriti
    $1600 4
Dr. Watson

Amy
    $1600 9
Legally Blonde

Amy
    $1,100 28
beetles

Kriti
    $1600 24
entomology

Kriti
    $1600 19
onion

Lindsey
    $2,500 16
greenhouse gases

Kriti
    $2000 5
Marley

Amy
    $2000 10
(Lindsey: Who is Kelsey Grammer?)

David Hyde Pierce

Lindsey
Triple Stumper
    $2000 27
(Amy: What is the cicada?)

a cricket

Amy
Triple Stumper
    $2000 25
the Citadel

Lindsey
    $2000 20
broccoli

Kriti
    $2000 17
(Amy: What is receipt requested?)

rural route

Amy
Triple Stumper

Scores at the end of the Double Jeopardy! Round:

Kriti Lindsey Amy
$17,600 $6,000 $7,800
(lock game)

Final Jeopardy! Round responses

ORGANIZATIONS
LindseyWhat is NATO?
$6,000
AmyWhat is NATO?
$6,200
KritiWhat is NATO?
$100
NATO (the North Atlantic Treaty Organization)

Final scores:

Kriti Lindsey Amy
$17,700 $12,000 $14,000
Automatic semifinalist 3rd place: $5,000 if eliminated 2nd place: $5,000 if eliminated

Game dynamics:

Coryat scores:

Kriti Lindsey Amy
$18,200 $6,000 $7,800
21 R
(including 2 DDs),
2 W
(including 1 DD)
11 R,
3 W
18 R,
6 W

Combined Coryat: $32,000

[game clues] [game scores] [suggest correction]

Game tape date: 2007-03-12
The J! Archive is created by fans, for fans. Scraping, republication, monetization, and malicious use prohibited; this site may use cookies and collect identifying information. See terms. The Jeopardy! game show and all elements thereof, including but not limited to copyright and trademark thereto, are the property of Jeopardy Productions, Inc. and are protected under law. This website is not affiliated with, sponsored by, or operated by Jeopardy Productions, Inc. Join the discussion at JBoard.tv.